Mon bébé _ Rnboi - Statistiques

Statistiques générales
  • Ce quiz a été pris 244 fois
  • Le résultat moyen est 230 sur 408
Statistiques - réponses
Hint Réponse % Correct
bébé
92%
bébé)
92%
à
87%
a
87%
la
85%
La
85%
mon
85%
ce
78%
que
78%
de
77%
ma
76%
m'a
76%
Dans
73%
dans
73%
le
73%
pas
73%
ça
71%
Ca
71%
déjà
71%
Déjà
71%
déja
71%
(déjà)
71%
je
71%
qui
71%
qui)
71%
j'ai
70%
J'ai
70%
zone
69%
elle
68%
Elle
68%
c'est
64%
(c'est
64%
C'est
64%
éviter
64%
faut
64%
Faut
64%
moi
63%
PIB
63%
me
61%
parle
61%
en
60%
Story
60%
donc
58%
grosse
58%
On
58%
on
58%
plus
58%
ton
58%
Rn
57%
gars
56%
holà
56%
t'es
56%
y'a
56%
Ya
56%
Y'a
56%
espagnole
54%
les
54%
veut
54%
Kichta
53%
s'afficher
53%
savent
53%
son
53%
ah
52%
(ah
52%
Ah
52%
Dès
51%
des
51%
everyday
51%
Couplet 1 Guette
51%
mes
51%
P'tite
51%
tête
49%
fait
48%
maintenant
48%
sait
48%
fermer
47%
peine
47%
volets
47%
qu'est
46%
date
45%
Et
44%
d'jà
43%
up
43%
J'pull
42%
j'pull
42%
seule
40%
tu
40%
dit
39%
paire
39%
s'connait
39%
aidé
37%
l'premier
37%
toi
36%
veux
35%
l'truc
34%
connait
33%
déconné
33%
dis
33%
j'le
33%
J'te
33%
j'tiens
33%
tout
33%
go
32%
l'affolée
32%
un
32%
quand
31%
s'attacher
31%
baigné
30%
deuxième
30%
fois
30%
J'aime
30%
j'vais
30%
payer
29%
p'tits
29%
trop
29%
Calme
27%
j'l'ai
27%
l'ai
27%
va
26%
(arh) arh
25%
Arh
25%
ceux
25%
échoué
25%
est
25%
j'les
25%
une
25%
sur
24%
t'inquiètes
24%
claquer
23%
c'que
23%
sais
22%
referai
20%
comme
19%
mais
19%
Même
19%
BBL
18%
cinq
18%
contre
18%
étoile
18%
hôtel
18%
qu'j'vais
18%
tales
18%
vais
18%
copine
17%
évitée
17%
décoller
16%
du
16%
ex
16%
Palace
16%
quitté
16%
zoner
16%
faudrait
15%
s'il
15%
temps
15%
Full
14%
Doucement
13%
laisse
13%
qu'on
13%
sinon
13%
j'suis
12%
(nan)
12%
m'dit
11%
qu't'arrêtes
11%
resto
11%
t'épauler
11%
bientôt
9%
contente
9%
J'avoue
9%
ABT
8%
d'autres
8%
nuit
8%
quelques
8%
qu'y
8%
RS6
8%
bête
7%
Aucun quiz correspondant
Distribution des résultats
% des personnes avec chaque résultat
Percentile par nombre de réponses
Votre historique - résultats
Vous n’avez pas pris ce quiz